000 01052cam a22002294a 4500
005 20250605163937.0
008 250528s ||||||||||||||||||||||||d
035 _a14894
020 _a74560966
040 _aGR-AtMCL
_bgre
_dGR-AtMCL
_eAACR2
245 1 _aModernity and its Futures / Understanding Modern Societies - An Introduction Book 4
250 _a1st
260 _bPolicy Press,
_c1992
300 _a400
520 _aA major introductory textbook which examines the forces reshaping modern industrial societies and the new patterns, structures and relationships that are emerging in the contemporary world. Preface, Introduction, Liberalism and Marxism and Democracy, A Global Society, Environmental Challenges, Post-Industrialism and Post-Fordism, Social Pluralism and Post-Modernity, The Question of Cultural Identity, The Enlightenment Project Revisited, Acknowledgements, Index.
700 1 _aHall Stuart
_9686
700 1 _aHeld David
_9687
700 1 _aMcgrew Tony
_9688
942 _cBK
999 _c505
_d505